ბათუმის შოთა რუსთაველის სახელმწიფო უნივერსიტეტის ბიბლიოთეკა

დიდი მოურავი გიორგი სააკაძე : (ბიბ.ჩანაწერი № 39728)

000 -ლიდერი
ფიქსირებული სიგრძის საკონტროლო ველი 00970nam a2200217Ia 4500
001 - საკონტროლო ნომერი
საკონტროლო ველი 6333
003 - საკონტროლო ნომრის იდენტიფიკატორი
საკონტროლო ველი GE_BSU
005 - ბოლო ოპერაციის თარიღი და დრო
საკონტროლო ველი 20191002145924.0
008 - ფიქსირებული სიგრძის მონაცემთა ელემენტები - ზოგადი ინფორმაცია
ფიქსირებული სიგრძის საკონტროლო ველი 181216s1939||||ge |||||||||||||| ||geo||
040 ## - კატალოგიზაციის წყარო
Transcribing agency GE_BSU
041 ## - ენის კოდი
Language code of text/sound track or separate title geo
080 ## - უნივერსალური ათობითი კლასიფიკაციის ინდექსი
Universal Decimal Classification number 821.353.1-311.6 ბ-27
100 ## - მთავარი ჩანაწერი - პიროვნების სახელი
Personal name ბარნოვი, ვასილ.
9 (RLIN) 4407
245 ## - ცნობა სათაურის შესახებ
Title დიდი მოურავი გიორგი სააკაძე :
Remainder of title ისტორიული რომანი სამ ნაწილად /
Statement of responsibility, etc ვასილ ბარნოვი ; ალ. გვასალიას რედ-ით.
264 ## - წარმოების, გამოცემის, დისტრიბუციის და სხვა ცნობები
გამოცემის, წარმოების, დისტრიბუციის... ადგილი თბილისი :
გამოცემის, წარმოების, დისტრიბუციის... სახელწოდება სახელგამი ;
გამოცემის, წარმოების, დისტრიბუციის... თარიღი 1939.
300 ## - ფიზიკური აღწერა
Extent 444გვ;17სმ.
653 ## - INDEX TERM--UNCONTROLLED
Uncontrolled term დიდი მოურავი გიორგი სააკაძე
653 ## - INDEX TERM--UNCONTROLLED
Uncontrolled term ისტორიული რომანი
700 ## - ADDED ENTRY--PERSONAL NAME
Personal name გვასალია, ალ.
Relator term რედაქტორი
9 (RLIN) 4447
942 ## - ADDED ENTRY ELEMENTS (KOHA)
Koha item type წიგნი
Source of classification or shelving scheme
ეგზემპლარები
ჩამოწერის სტატუსი დაკარგული ეგზემპლარის სტატუსი კლასიფიკაციის წყარო ან თაროზე გაწყობის სქემა დაზიანების სტატუსი არ გაიცემა მუდმივი მდებარეობა (დაცვის ადგილი) ამჟამინდელი ადგილსამყოფელი თაროზე განთავსების ადგილი შეძენის თარიღი სრული შენახვის შიფრი შტრიხკოდი ბოლო ოპერაციის თარიღი ეგზემპლარის მიმდევრობითი ნომერი (კეტერი?) ფასის ძალაში შესვლის თარიღი ეგზემპლარის სახეობა
          ბათუმის შოთა რუსთაველის სახელმწიფო უნივერსიტეტის მთავარი ბიბლიოთეკა ბათუმის შოთა რუსთაველის სახელმწიფო უნივერსიტეტის მთავარი ბიბლიოთეკა წიგნსაცავი 2018-12-17 821.353.1-311.6 ბ-27 13948 2018-12-17 13948 2018-12-17 წიგნი
          ბათუმის შოთა რუსთაველის სახელმწიფო უნივერსიტეტის მთავარი ბიბლიოთეკა ბათუმის შოთა რუსთაველის სახელმწიფო უნივერსიტეტის მთავარი ბიბლიოთეკა წიგნსაცავი 2018-12-17 821.353.1-311.6 ბ-27 13949 2018-12-17 13949 2018-12-17 წიგნი